Name a Valid Answer - General Knowledge #1 - Statistics

General Stats
  • This quiz has been taken 69,322 times
  • The average score is 11 of 17
Answer Stats
Category Valid Answers % Correct
Number spelled in English with exactly five letters (spell it out in letters) three | seven | eight | forty | fifty | sixty
97%
Weapon in the board game "Clue", aka "Cluedo" candlestick | knife | lead pipe | revolver | rope | wrench
92%
Country on the Arabian peninsula other than Saudi Arabia Kuwait | Oman | Qatar | United Arab Emirates | Yemen
89%
Sign of the Zodiac that starts with A Aries | Aquarius
82%
Method of execution mentioned in the Bible beheading | burning | crucifixion | stoning
79%
Event in Olympic women's gymnastics balance beam | floor exercise | uneven bars | vault
69%
Vegetable, other than broccoli, which is a variety of Brassica oleracea cabbage | cauliflower | kale | Brussels sprouts | others ...
69%
Language that uses this letter: ø Danish | Norwegian | Faroese | Southern Sami
65%
Book of the Catholic Bible starting with E Exodus | Ezra | Esther | Ecclesiastes | Ecclesiasticus | Ezekiel | Ephesians
55%
Disney movie based on a Hans Christian Andersen fairy tale The Little Mermaid | Frozen
53%
One of the five LEAST similar languages to English that is an official language of a European country Hungarian | Finnish | Estonian | Maltese | Latvian
51%
Synthetic fiber developed by DuPont nylon | acrylic | spandex | Kevlar | Teflon
51%
Canadian province that doesn't border the ocean Alberta | Saskatchewan
50%
Food that appears in the title of a song by the Beatles honey | onion | mustard | truffle | pepper | strawberry | pie | octopus
49%
Day of the week in Spanish lunes | martes | miércoles | jueves | viernes | sábado | domingo
49%
Titan from Greek mythology Atlas | Cronus | Oceanus | Rhea | Prometheus | others...
42%
One of the Three Musketeers Athos | Porthos | Aramis
34%
No matching quizzes found
Score Distribution
Percent of People with Each Score
Percentile by Number Answered
Your Score History
You have not taken this quiz